| 000 | 00341nam a2200133Ia 4500 | ||
|---|---|---|---|
| 008 | 240624s9999 xx 000 0 und d | ||
| 041 | _aeng | ||
| 082 | _a368 IIB | ||
| 100 | _aIIBF | ||
| 245 | _aINSURANCE PRODUCTS INCLUDING PENSION PRO | ||
| 260 |
_c2010 _aNew Delhi _bTaxmann Publication Pvt. Ltd. |
||
| 300 | _a408 : p. | ||
| 365 |
_cRS _b29 |
||
| 999 |
_c18194 _d18194 |
||